000 00698nam a2200253Ia 4500
005 20260121161248.0
008 008 260114s9999 xx 000 0 eng d
020 _a9781315197609
037 _aEBOOK
040 _aCRL
040 _beng
040 _cCRL
041 _2eng
041 _aeng
084 _qCRL
100 _aDavid A. Armstrong; Ryan Bakker; Royce Carroll; Christopher Hare; Keith T. Poole; Howard Rosenthal
_91042206
245 0 _aAnalyzing Spatial Models of Choice and Judgment:
260 _bTaylor and Francis
260 _c2021
856 _uhttp://www.taylorfrancis.com/books/9781315197609
942 _cEBOOK
999 _c1609022
_d1609022